• 首页
  • 本馆介绍
  • 公告通知
  • 最新文献
  • 馆藏检索
  • 电子资源
  • 读者导购
  • 参考咨询
  • 我的图书馆
  • 登录
  • 详细信息显示
  • 放入我的书架
  • 预约/预借图书
  • 作者相关作品
  • 分类相关作品
  • 丛书相关作品
  • 出版社相关作品

书目信息

  • 表格格式
  • 工作单格式
  • 卡片格式
题名:
钛
    
 
作者: 麦克格维仑 著 ;叶风虎 译
分册:  
出版信息: 北京   冶金工业出版社  1960
页数: 460页
开本: 20cm
丛书名:
单 册:
中图分类: O614.41
科图分类:
主题词: 无机化学
电子资源:
ISBN:
000 00580nam0 2200193 45
001 0312221749
005 20060919090719.76
010    @dCNY1.90
100    @a20031222d1960 km y0chiy0120 ea
101    @achi@ceng
200 1  @a钛@Atai@f(英)A·D·麦克格维仑等著@F(ying)A·D·mai ke ge wei lun deng zhu@g叶风虎译@Gye feng hu yi
210    @a北京@c冶金工业出版社@d1960
215    @a460页@d20cm
606 0  @a无机化学
690    @aO614.41@v3
701  0 @a麦克格维仑@Amai ke ge wei lun@4著
702 0  @a叶风虎@Aye feng hu@4译
801    @aCN@bTSTCL@c20060919
905    @a213230@dO614.41@e14
    
    钛/(英)A·D·麦克格维仑等著/叶风虎译.-北京:冶金工业出版社,1960
    460页;20cm
    
    
    ISBN :CNY1.90
    
●
相关链接 在E读中查询图书 在五车中查询图书 在当当中查询图书 在豆瓣中查询图书


正题名:钛     索取号:O614.41/14         预约/预借

序号 登录号 条形码 馆藏地/架位号 状态 备注
1 0472461   204724619   第二样本阅览室/ [索取号:O614.41/14] 在馆    
唐山师范学院图书馆 欢迎您!
大连网信软件有限公司© 版权所有